00657cam a22001698i 4500020002600000082001400026245012300040250001900163300001300182504005100195650003000246650002500276700002400301942001200325999001900337952013100356 a9781119180647 (cloth)00a630.2/51500aFood security and climate change /cedited by Shyam S. Yadav, Robert John Redden, Jerry L. Hatfield, Andreas W. Ebert. aFirst edition. apages cm aIncludes bibliographical references and index. 0aCrops and climate.981031 0aFood security9810321 aYadav, S. S.981033 2ddccBK c585973d585973 00102ddc406630_200000000000000_515_YAD709573442aCLbCLd2021-07-19l0o630.2/515 YADpCL-560r2021-08-24w2021-07-19yBK